000 00579nam a2200193Ia 4500
003 IN-BaIIA
008 211028s9999 xx 000 0 eng d
040 _cIIA Library
080 _a083.7:669.71.41
_bISI
110 _aIndian Standards Institution
245 0 _aIndian standard dimensions for wrought aluminium alloys plate
_cIndian Standards Institution
260 _aNew Delhi
_bIndian Standards Institution
_c1964
300 _a7p.
500 _aIS 2677 : 1964
650 _aAluminium Alloys
_99318
650 _aNASA Thesaurus
650 _aStandards
_98876
942 _cBK
999 _c5332
_d5332